000 00607nam a2200217Ia 4500
005 20250923145711.0
008 008 250917s9999 xx 000 0 eng d
037 _aReference
040 _aDSWL
_beng
_cDSWL
041 _aeng
_2eng
084 _azGx, N70.5
_qDSWL
100 _aDesai, M.H.
_9838102
245 0 _aDay-to-Day with Gandhi ( Nov.1924 to Feb.1925 )
_c by M.H.Desai
260 _aVaranasi
_bSatva Seva Sangh Prak.
_c1970
300 _a416 p.
365 _aINR
_b22.50
490 _vVol. V
925 _g22.50
942 _cREF
_hzGx, N70.5
999 _c1454531
_d1454531